Historia ya Sabato na Siku ya Kwanza ya Juma (Record no. 25239)

MARC details
000 -LEADER
fixed length control field 01245cam a2200325Ii 4500
001 - CONTROL NUMBER
control field 3875989
003 - CONTROL NUMBER IDENTIFIER
control field AUA.1
005 - DATE AND TIME OF LATEST TRANSACTION
control field 20251027094028.0
008 - FIXED-LENGTH DATA ELEMENTS--GENERAL INFORMATION
fixed length control field 251027s1912 dcu b 000 0 eng d
035 ## - SYSTEM CONTROL NUMBER
System control number .b11771422
040 ## - CATALOGING SOURCE
Original cataloging agency EXN
Transcribing agency EXN
049 ## - LOCAL HOLDINGS (OCLC)
Holding library EXNs
090 ## - LOCALLY ASSIGNED LC-TYPE CALL NUMBER (OCLC); LOCAL CALL NUMBER (OCLC)
Classification number (OCLC) (R) ; Classification number, CALL (RLIN) (NR) BV110
Local cutter number (OCLC) ; Book number/undivided call number, CALL (RLIN) .A5 1912
100 1# - MAIN ENTRY--PERSONAL NAME
Personal name Andrews, John Nevins,
Dates associated with a name 1829-1883.
9 (RLIN) 51822
245 10 - TITLE STATEMENT
Title Historia ya Sabato na Siku ya Kwanza ya Juma
Statement of responsibility, etc by J. N. Andrews
246 ## - VARYING FORM OF TITLE
Title proper/short title History of the Sabbath and first day of the week /
247 ## - FORMER TITLE
Title History of the Sabbath and first day of the week /
250 ## - EDITION STATEMENT
Edition statement Swahili translation
260 ## - PUBLICATION, DISTRIBUTION, ETC. (IMPRINT)
Place of publication, distribution, etc Eugene, OR
Name of publisher, distributor, etc Adventist Pioneer Library
Date of publication, distribution, etc 2025
300 ## - PHYSICAL DESCRIPTION
Extent 328 p. ;
Dimensions 24 cm.
500 ## - GENERAL NOTE
General note This is a Swahili translation from the English title, History of the Sabbath and the first day of the week by J. N. Andrews
500 ## - GENERAL NOTE
General note Contents titles on cover.
504 ## - BIBLIOGRAPHY, ETC. NOTE
Bibliography, etc Includes bibliographical references.
505 0# - FORMATTED CONTENTS NOTE
Formatted contents note pt. 1. The Sabbath in the scriptures.--2. The Sabbath in history.
650 #0 - SUBJECT ADDED ENTRY--TOPICAL TERM
Topical term or geographic name as entry element Sabbath
General subdivision History.
9 (RLIN) 51823
690 ## - LOCAL SUBJECT ADDED ENTRY--TOPICAL TERM (OCLC, RLIN)
Topical term or geographic name as entry element Seventh-day Adventist publications.
9 (RLIN) 51824
740 40 - ADDED ENTRY--UNCONTROLLED RELATED/ANALYTICAL TITLE
Uncontrolled related/analytical title The Sabbath in history.
740 40 - ADDED ENTRY--UNCONTROLLED RELATED/ANALYTICAL TITLE
Uncontrolled related/analytical title The Sabbath in the scriptures.
942 ## - ADDED ENTRY ELEMENTS (KOHA)
Source of classification or shelving scheme Library of Congress Classification
Koha item type Books
Classification part BV110
Item part .A5 1912
Holdings
Withdrawn status Lost status Source of classification or shelving scheme Damaged status Not for loan Collection code Home library Current library Shelving location Date acquired Serial Enumeration / chronology Total Checkouts Full call number Date last seen Copy number Price effective from Koha item type
    Library of Congress Classification     Books Judith Thomas Library Judith Thomas Library EGW Estate Branch Office 27/10/2025 1314   BV110 .A5 1912 27/10/2025 1 27/10/2025 Books
    Library of Congress Classification     Books Judith Thomas Library Judith Thomas Library EGW Estate Branch Office 27/10/2025 1320   BV110 .A5 1912 27/10/2025 2 27/10/2025 Books